The seismic wavefield volume II: interpretation of seismograms on regional and global scales (Record no. 57246)

MARC details
000 -LEADER
fixed length control field 00706nam a2200181 a 4500
008 - FIXED-LENGTH DATA ELEMENTS--GENERAL INFORMATION
fixed length control field 120416s2002 ||||||||||||||||| || u
020 ## - INTERNATIONAL STANDARD BOOK NUMBER
International Standard Book Number 0521809460
050 ## - LIBRARY OF CONGRESS CALL NUMBER
Classification number QE 538.5 Ken
100 ## - MAIN ENTRY--PERSONAL NAME
Personal name Kennett, B. L. N
245 14 - TITLE STATEMENT
Title The seismic wavefield volume II: interpretation of seismograms on regional and global scales
260 ## - PUBLICATION, DISTRIBUTION, ETC.
Place of publication, distribution, etc. Cambridge
Name of publisher, distributor, etc. Cambridge University Press
Date of publication, distribution, etc. 2002
300 ## - PHYSICAL DESCRIPTION
Extent xii, 534p. : ill.
350 ## - PRICE (NR) (BK AM CF MU VM SE) [OBSOLETE]
Price 0.00
650 ## - SUBJECT ADDED ENTRY--TOPICAL TERM
Topical term or geographic name entry element GEOLOGY--STUDY AND TEACHING
650 ## - SUBJECT ADDED ENTRY--TOPICAL TERM
Topical term or geographic name entry element Seismic prospecting
650 ## - SUBJECT ADDED ENTRY--TOPICAL TERM
Topical term or geographic name entry element SEISMOGRAMS
995 ## - RECOMMENDATION 995 [LOCAL, UNIMARC FRANCE]
-- 0.00
-- CBU-MAIN LIBRARY (Kitwe)
-- 1
-- 40.00
-- 1
-- AVAILABLE
-- Mar 21, 2007
-- Main Library Open Access Collection
Holdings
Withdrawn status Lost status Source of classification or shelving scheme Damaged status Not for loan Home library Current library Shelving location Date acquired Total Checkouts Full call number Barcode Date last seen Price effective from Koha item type
          CBU-MAIN LIBRARY, KITWE. CBU-MAIN LIBRARY, KITWE.   11/30/2022   QE 538.5 Ken 38281 11/30/2022 11/30/2022 MONOGRAPH